000
00344 a2200157 4500
001
75611
020
_a
978850222588
040
_c
Anchieta - Colégio São Paulo
100
_a
Lopes, Sônia
240
1
0
_a
Conecte Bio
_l
por
245
1
0
_a
Conecte Bio
300
_a
784
362
0
_a
2014
650
4
_a
Ciência da vida - Biologia
942
_c
BK
999
_c
75611
_d
75611